000 01268nam0a2200385 4500
001 RU\NLR\bibl\328619
005 20250621144237.0
010 _a5-89158-089-6
_bВ пер.
_92950
021 _aRU
_b2002-35066
_91712
035 _a(NLR Aleph) 000323598
090 _a112625
_c112625
100 _a20021016d2002 |||y0rusy50 ca
101 0 _arus
102 _aRU
105 _ay |||||||||
200 1 _aОчерки торгового права
_fА. И. Каминка
210 _aМ.
_cЦентр ЮрИнфоР
_d2002
215 _a545, [1] с.
_d22
225 1 _aБиблиотека "ЮрИнфоР"
225 1 _aСерия "Научное наследие"
320 _aБиблиогр.: с. 534-536
606 0 _aТорговое право
_yРоссия
_92268360
_3RU\NLR\auth\661359698
606 0 _aТорговое право
_91204473
_3RU\NLR\auth\66169709
610 0 _aТорговое право
675 _a347.7(470)
_v3
_zrus
686 _aХ83
686 _aХ839(2)
700 1 _aКаминка
_bА. И.
_gАвгуст Исаакович
_4070
801 0 _aRU
_bRKP
_c20021016
_gPSBO
801 1 _aRU
_bRKP
_c20021016
801 2 _aRU
_bNLR
_c20021218
_grcr
942 _cBOOK
980 _aNB